Discovering man's past in the Americas, (Record no. 7549)
[ view plain ]
| 000 -LEADER | |
|---|---|
| fixed length control field | 01133cam a2200289 4500 |
| 001 - CONTROL NUMBER | |
| control field | 2653859 |
| 003 - CONTROL NUMBER IDENTIFIER | |
| control field | GBCCL |
| 005 - DATE AND TIME OF LATEST TRANSACTION | |
| control field | 20241126110631.0 |
| 008 - FIXED-LENGTH DATA ELEMENTS--GENERAL INFORMATION | |
| fixed length control field | 691223s1969 dcuabf 001 0 eng |
| 010 ## - | |
| -- | 70094657 |
| 040 ## - CATALOGING SOURCE | |
| Original cataloging agency | DLC |
| Transcribing agency | DLC |
| Modifying agency | DLC |
| 050 00 - | |
| -- | E61 |
| -- | .S9 |
| 051 ## - | |
| -- | E61 |
| -- | .S9 Copy 3 |
| -- | Provenance: Gift of Jay I. Kislak Foundation. |
| 082 00 - DEWEY DECIMAL CLASSIFICATION NUMBER | |
| Classification number | 970.1 |
| Item number | STU |
| 100 1# - MAIN ENTRY--PERSONAL NAME | |
| Personal name | Stuart, George E. |
| 9 (RLIN) | 13348 |
| 245 10 - TITLE STATEMENT | |
| Title | Discovering man's past in the Americas, |
| Statement of responsibility, etc. | by George E. Stuart and Gene S. Stuart. Foreword by Matthew W. Stirling. Produced by the Special Publications Division, National Geographic Society. |
| 260 ## - PUBLICATION, DISTRIBUTION, ETC. | |
| Place of publication, distribution, etc. | [Washington, |
| Name of publisher, distributor, etc. | National Geographic Society, |
| Date of publication, distribution, etc. | 1969] |
| 300 ## - PHYSICAL DESCRIPTION | |
| Extent | 211 p. |
| Other physical details | illus., maps, col. plates. |
| Dimensions | 27 cm. |
| 651 #0 - SUBJECT ADDED ENTRY--GEOGRAPHIC NAME | |
| Geographic name | America |
| General subdivision | Antiquities. |
| 9 (RLIN) | 13349 |
| 700 1# - ADDED ENTRY--PERSONAL NAME | |
| Personal name | Stuart, Gene S., |
| Relator term | joint author. |
| 9 (RLIN) | 13350 |
| 710 2# - ADDED ENTRY--CORPORATE NAME | |
| Corporate name or jurisdiction name as entry element | National Geographic Society (U.S.). |
| Subordinate unit | Special Publications Division. |
| 9 (RLIN) | 13351 |
| 710 2# - ADDED ENTRY--CORPORATE NAME | |
| Corporate name or jurisdiction name as entry element | Jay I. Kislak Reference Collection (Library of Congress) |
| Institution to which field applies | DLC |
| 9 (RLIN) | 13352 |
| 906 ## - LOCAL DATA ELEMENT F, LDF (RLIN) | |
| a | 7 |
| b | cbc |
| c | orignew |
| d | u |
| e | ncip |
| f | 19 |
| g | y-gencatlg |
| 942 ## - ADDED ENTRY ELEMENTS (KOHA) | |
| Source of classification or shelving scheme | Dewey Decimal Classification |
| Koha item type | Books |
| Withdrawn status | Lost status | Source of classification or shelving scheme | Damaged status | Not for loan | Home library | Current Library | Shelving location | Date acquired | Total checkouts | Full call number | Barcode | Date last seen | Copy number | Price effective from | Koha item type |
|---|---|---|---|---|---|---|---|---|---|---|---|---|---|---|---|
| Dewey Decimal Classification | GRACE BIBLE COLLEGE | GRACE BIBLE COLLEGE | General Studies | 2018-08-22 | 970.1 STU | 002829 | 2025-05-01 | c.1 | 2018-08-22 | Books |